Biblioteca da Unidade Pastoral de Sintra

ˆO ‰intérprete grego ; | ˆO ‰ritual de Musgrave ; | ˆO ‰escriturário da corretagem (Registo nº 2542)

000 -Record Label
fixed length control field 01012nam a2200301 4500
003 - Persistent Record Identifier
control field http://porbase.bnportugal.pt/ipac20/ipac.jsp?profile=bn&uri=full=3100024!2413759!0
010 ## - International Standard Book Number (ISBN)
Number (ISBN) 9789895545759
021 ## - Legal Deposit Number
Country Code PT
Number 297234/09
035 ## - Other System Control Numbers
System Control Number (bn)1767176
100 ## - General Processing Data
General Processing Data 20110104d2009 m y0pory5003 ba
101 1# - Language of the Resource
Language of Original Work eng
105 ## - Coded Data Field: Textual Material, Monographic
Monograph Coded Data y z 000fy
106 ## - Coded Data Field: Textual Material - Physical Attributes
Textual Material Coded Data Physical Medium Designator r
200 1# - Title and Statement of Responsibility
Title Proper ˆO ‰intérprete grego ;
-- ˆO ‰ritual de Musgrave ;
-- ˆO ‰escriturário da corretagem
First Statement of Responsibility Arthur Conan Doyle
210 ## - Publication, Distribution, etc.
Place of Publication, Distribution, etc. [S.l.
Name of Publisher, Distributor, etc. global
Date of Publication, Distribution, etc. cop. 2009
Place of Manufacture [Amadora] :
Name of Manufacturer Tip. Peres)
215 ## - Physical Description
Specific Material Designation and Extent of Item 72 p.
Dimensions 20 cm
225 2# - Series
Series Title Sherlock Holmes.
Name of a Part Memórias de Sherlock Holmes III
Volume Designation 12
517 1# - Other Variant Titles
Variant Title ˆO ‰intérprete grego
517 1# - Other Variant Titles
Variant Title ˆO ‰ritual de Musgrave
517 1# - Other Variant Titles
Variant Title ˆO ‰escriturário da corretagem
600 ## - Personal Name Used as Subject
Entry Element Arthur Conan Doyle
601 ## - Corporate Body Name Used as Subject
Entry Element global
675 ## - Universal Decimal Classification (UDC)
Number 821.111-34"18/19"
Edition BN
Language of Edition por
Classification Record Number 304012
700 #1 - Personal Name - Primary Responsibility
Entry Element Doyle,
Part of Name Other than Entry Element Arthur Conan,
Dates 1859-1930
801 #0 - Originating Source
Country PT
Agency BN
Cataloguing Rules (Descriptive Conventions) RPC
090 ## - System Control Numbers (Koha)
Koha biblioitem number (autogenerated) 2542
942 ## - ADDED ENTRY ELEMENTS (KOHA)
Koha item type Books
Exemplares
Origin of item (home branch) (free text) Type of item and material Lost status Lending or holding organisation (holding branch) code Call number (full call number) Withdrawn status Origin of item (home branch (coded) Barcode Coded location qualifier Circulation type (not for loan)
UPSBooks Biblioteca da Unidade Pastoral de Sintra82-3 DOY 2230 Biblioteca da Unidade Pastoral de Sintra22302018-09-21 

Powered by Koha